| 000 | 00711cam a22002413a 4500 | ||
|---|---|---|---|
| 001 | 12291 | ||
| 003 | PGUSA | ||
| 005 | 20140828083247.0 | ||
| 008 | 040501s2004||||xxu|||||s|||||000 | eng d | ||
| 040 |
_aPGUSA _beng |
||
| 042 | _adc | ||
| 050 | 4 | _aLB | |
| 100 | 1 |
_aAbbott, Jacob, _d1803-1879 |
|
| 245 | 1 | 4 |
_aThe Teacher : _bMoral Influences Employed in the Instruction and Government of the Young _h[electronic resource] / _cJacob Abbott |
| 260 |
_bProject Gutenberg, _c2004 |
||
| 506 | _aPublic domain in the USA. | ||
| 516 | _aElectronic text | ||
| 653 | _aTeaching | ||
| 653 | _aMoral education | ||
| 830 | 0 |
_aProject Gutenberg _v12291 |
|
| 856 | 4 | 0 | _uhttp://www.gutenberg.org/ebooks/12291 |
| 942 | _cEB | ||
| 999 |
_c241546 _d241546 |
||